Kelpro bulletin. (Record no. 79651)

MARC details
000 -LEADER
fixed length control field 00852nas a22003017a 4500
001 - CONTROL NUMBER
control field dpl
005 - DATE AND TIME OF LATEST TRANSACTION
control field 20130926103615.0
008 - FIXED-LENGTH DATA ELEMENTS--GENERAL INFORMATION
fixed length control field 121126c199u9999ii fr 0 0eng
010 ## - LIBRARY OF CONGRESS CONTROL NUMBER
LC control number 2012350151
022 ## - INTERNATIONAL STANDARD SERIAL NUMBER
International Standard Serial Number 0975-4911
025 ## - OVERSEAS ACQUISITION NUMBER
Overseas acquisition number I-E-E-2012-350151; 02
035 ## - SYSTEM CONTROL NUMBER
System control number (OCoLC)ocn819312707
040 ## - CATALOGING SOURCE
Original cataloging agency DLC
Transcribing agency DLC
Modifying agency DLC
042 ## - AUTHENTICATION CODE
Authentication code pcc
043 ## - GEOGRAPHIC AREA CODE
Geographic area code a-ii---
050 00 - LIBRARY OF CONGRESS CALL NUMBER
Classification number IN PROCESS
210 0# - ABBREVIATED TITLE
Abbreviated title Kelpro bull.
222 #0 - KEY TITLE
Key title Kelpro bulletin
245 00 - TITLE STATEMENT
Title Kelpro bulletin.
260 ## - PUBLICATION, DISTRIBUTION, ETC. (IMPRINT)
Place of publication, distribution, etc Thiruvananthapuram :
Name of publisher, distributor, etc Kerala Library Professionals' Organisation
300 ## - PHYSICAL DESCRIPTION
Extent v. ;
Dimensions 28 cm.
310 ## - CURRENT PUBLICATION FREQUENCY
Current publication frequency bi-annual
650 ## - SUBJECT ADDED ENTRY--TOPICAL TERM
Topical term or geographic name as entry element Library science
710 2# - ADDED ENTRY--CORPORATE NAME
Corporate name or jurisdiction name as entry element Kerala Library Professionals' Organisation (Trivandrum, India)
270 ## - ADDRESS
City Thiruvananthapuram
Postal code 695034
Specialized telephone number 9847541973
Electronic mail address humayoonkabirs@gmail.com
942 ## - ADDED ENTRY ELEMENTS (KOHA)
Source of classification or shelving scheme Dewey Decimal Classification
Item type Periodicals
Serial record 1
Holdings
Withdrawn status Lost status Source of classification or shelving scheme Damaged status Not for loan Home library Current library Date acquired Total Checkouts Date last seen Price effective from Koha item type
    Dewey Decimal Classification     D.B.Act.Division D.B.Act.Division 26/09/2013   26/09/2013 26/09/2013 Periodicals

© Delhi Public Library
Hit Counter
free hit counter